The World Bank forest strategy : Striking the right balance

保存先:
書誌詳細
フォーマット: 図書
言語:Undetermined
出版事項: Washington, D. C. The World Bank 2000
主題:
タグ: タグ追加
タグなし, このレコードへの初めてのタグを付けませんか!
Thư viện lưu trữ: Trung tâm Học liệu Trường Đại học Cần Thơ
LEADER 00554nam a2200193Ia 4500
001 CTU_62924
008 210402s9999 xx 000 0 und d
082 |a 333.75 
082 |b W927 
245 4 |a The World Bank forest strategy : 
245 0 |b Striking the right balance 
245 0 |c Uma Lele ... [et al.] 
260 |a Washington, D. C. 
260 |b The World Bank 
260 |c 2000 
650 |a Forests and forestry 
650 |x Economic aspects 
904 |i Minh (Nguyên sửa) 
980 |a Trung tâm Học liệu Trường Đại học Cần Thơ